Design of long-life flexible pavements for heavy traffic /

Bibliographic Details
Corporate Authors: Great Britain. Highways Agency, Transport Research Laboratory (Great Britain), British Aggregate Construction Materials Industries, Refined Bitumen Association
Other Authors: Nunn, M. E.
Format: Book
Language:English
Published: Crowthorne, Berkshire : Transport Research Laboratory, [1997]
Series:TRL report. 250.
Subjects:

MARC

Tag First Indicator Second Indicator Subfields
LEADER 00000cam a2200000 a 4500
001 in00001402900
005 20151020053056.0
008 971204s1997 enka b f000 0 eng d
035 |a (OCoLC)38039214 
035 |9 AHM6942AM 
040 |a CBT  |c CBT  |d TXA  |d UtOrBLW 
049 |a TXAM 
090 |a TA1057.A1  |b T745 no. 250 
245 0 0 |a Design of long-life flexible pavements for heavy traffic /  |c M. E. Nunn [and others]. 
264 1 |a Crowthorne, Berkshire :  |b Transport Research Laboratory,  |c [1997] 
264 4 |c ©1997 
300 |a vii, 81 pages :  |b illustrations (some color) ;  |c 30 cm. 
336 |a text  |b txt  |2 rdacontent 
337 |a unmediated  |b n  |2 rdamedia 
338 |a volume  |b nc  |2 rdacarrier 
490 1 |a TRL report,  |x 0968-4107 ;  |v 250 
500 |a "Prepared for Highways Agency, British Aggregate Construction Materials Industries and the Refined Bitumen Association, (British Aggregate Construction Materials Industries (BACMI) changed its name to Quarry Products Association on 24 June 1997)." 
504 |a Includes bibliographical references. 
650 0 |a Pavements, Flexible  |x Design and construction. 
650 0 |a Pavements, Bituminous  |x Performance. 
700 1 |a Nunn, M. E. 
710 1 |a Great Britain.  |b Highways Agency. 
710 2 |a Transport Research Laboratory (Great Britain) 
710 2 |a British Aggregate Construction Materials Industries. 
710 2 |a Refined Bitumen Association. 
830 0 |a TRL report.  |x 0968-4107 ;  |v 250. 
999 |a MARS 
999 f f |s 4f31d768-7270-39ca-afb2-c98bc2ae5c3d  |i 5df09132-933a-3a32-8c32-8985593bfd7a  |t 0 
952 f f |p ric  |a Texas A&M University  |b Rellis Campus  |c Joint Library Facility  |d Remote Storage  |t 0  |e TA1057.A1 T745 no.250  |h Library of Congress classification  |i unmediated -- volume  |m A14821549024 
998 f f |a TA1057.A1 T745 no.250  |t 0  |l Remote Storage